MARC

LEADER 00000nam0a2200000 4500
001 306650
005 20231102001920.0
010 |a 5269009552 
035 |a (RuTPU)RU\TPU\book\331927 
035 |a RU\TPU\book\11279 
090 |a 306650 
100 |a 20151009d1990 m y0rusy50 ca 
101 0 |a rus 
102 |a RU 
105 |a a z 001zy 
200 1 |a Русский модерн  |e альбом  |f Е. А. Борисова, Г. Ю. Стернин 
210 |a Москва  |c Советский художник  |d 1990 
215 |a 360 с.  |c ил. 
606 1 |a Модернизм  |2 stltpush  |3 (RuTPU)RU\TPU\subj\44227  |9 63593 
610 1 |a искусство 
610 1 |a художественная культура 
610 1 |a Россия 
610 1 |a 19 век 
610 1 |a 20 век 
610 1 |a русский модерн 
675 |a 7.036(084)  |v 3 
700 1 |a Борисова  |b Е. А.  |g Елена Андреевна 
701 1 |a Стернин  |b Г. Ю.  |g Григорий Юрьевич 
801 0 |a RU  |b 63413507  |c 20011209  |g PSBO 
801 2 |a RU  |b 63413507  |c 20151012  |g PSBO 
942 |c BK